Statistics for Beatles Lyrics with No Hints (7)

Click here to take the quiz!

General Stats

  • This quiz has been taken 127 times
  • The average score is 79 of 143

Answer Stats

Lyrics% Correct
I
100%
you
93%
You
93%
the
89%
me
88%
to
88%
and
86%
in
84%
on
79%
my
78%
your
77%
be
75%
go
75%
it
72%
no
69%
of
64%
all
60%
All
60%
that
59%
oh
57%
Oh
57%
from
55%
give
55%
see
55%
never
54%
get
50%
good
50%
got
50%
One
50%
only
50%
But
49%
money
49%
down
48%
here
46%
middle
46%
Out
46%
back
45%
did
45%
two
45%
up
45%
five
44%
four
44%
morning
44%
seven
44%
six
44%
three
44%
break
42%
heaven (x7)
42%
gone
41%
paper
41%
feeling
40%
away
39%
children
39%
funny
39%
nowhere
39%
we'll
39%
Yes
39%
negotiations
37%
number
37%
pay
37%
rent
37%
today (x3)
36%
yellow
36%
investigation
35%
magic
35%
situation
35%
Any
34%
came
34%
future
34%
Monday
34%
money's
34%
dream
33%
spent
33%
sweet
33%
turning
33%
tear
32%
college
31%
true
31%
sack
30%
Soon
30%
limousine
29%
wipe
29%
pick
25%
bags
24%
gas
23%
Step
23%
jobber
22%
lorry
22%
slow
22%

Score Distribution

Percentile by Number Answered

Percent of People with Each Score

Your Score History

You have not taken this quiz